Southville International School and Colleges
Your cart is empty.
  • Cart
  • Lists
    Public lists Eva Luna New books Lux_list list_1
    Your lists Log in to create your own lists
  • Log in to your account
  • Your cookies
  • Search history
Southville International School and Colleges
  • Advanced search
  • Recent comments
  • Most popular
  • Libraries

Log in to your account

Log in with GOOGLE


If you do not have an external account, but do have a local account, you can still log in:

  1. Home
  2. MARC view: Increasing student engagement and retention using classroom technologies :
Normal view MARC view ISBD view

Increasing student engagement and retention using classroom technologies : (Record no. 25902)

[ view plain ]
MARC details
000 -LEADER
fixed length control field 00828nam a22002297a 4500
005 - DATE AND TIME OF LATEST TRANSACTION
control field 20140310183644.0
008 - FIXED-LENGTH DATA ELEMENTS--GENERAL INFORMATION
fixed length control field 131221b xxu||||| |||| 00| 0 eng d
020 ## - INTERNATIONAL STANDARD BOOK NUMBER
International Standard Book Number 9781781905111
050 ## - LIBRARY OF CONGRESS CALL NUMBER
Classification number L11 .Ed83
Item number .W247 2013
100 ## - MAIN ENTRY--PERSONAL NAME
Personal name Wankel, Charles.
245 ## - TITLE STATEMENT
Title Increasing student engagement and retention using classroom technologies :
Remainder of title classroom response systems and mediated discourse technologies /
Statement of responsibility, etc Charles Wankel, Patrick Blessinger.
260 ## - PUBLICATION, DISTRIBUTION, ETC. (IMPRINT)
Place of publication, distribution, etc Bingley :
Name of publisher, distributor, etc Emerald,
Date of publication, distribution, etc 2013.
300 ## - PHYSICAL DESCRIPTION
Extent viii, 372 p. :
Other physical details ill. ;
Dimensions 23 cm.
440 ## - SERIES STATEMENT/ADDED ENTRY--TITLE
Title Cutting-edge technologies in higher education.
Volume number/sequential designation 6E.
504 ## - BIBLIOGRAPHY, ETC. NOTE
Bibliography, etc Includes Index.
521 ## - TARGET AUDIENCE NOTE
Target audience note
650 ## - SUBJECT ADDED ENTRY--TOPICAL TERM
Topical term or geographic name as entry element Educational technology.
650 ## - SUBJECT ADDED ENTRY--TOPICAL TERM
Topical term or geographic name as entry element Online social networks.
700 ## - ADDED ENTRY--PERSONAL NAME
Personal name Blessinger, Patrick.
Relator term author.
942 ## - ADDED ENTRY ELEMENTS (KOHA)
Source of classification or shelving scheme Library of Congress Classification
Koha item type Books
Call number prefix Foreign
Holdings
Withdrawn status Lost status Source of classification or shelving scheme Damaged status Home library Current library Shelving location Date acquired Source of acquisition Total Checkouts Total Renewals Full call number Barcode Date last seen Date checked out Copy number Price effective from Koha item type
    Library of Congress Classification   College Library College Library Reserve Section 12/21/2013 Donation 1 1 LB 1044.87 .In34 2012 C17379 09/29/2025 07/30/2025 1 12/21/2013 Books

Increasing student engagement and retention using classroom technologies :

APA

Wankel C., Blessinger P., . (2013). Increasing student engagement and retention using classroom technologies. Bingley: Emerald.

Chicago

Wankel Charles, Blessinger Patrick, . 2013. Increasing student engagement and retention using classroom technologies. Bingley: Emerald.

Harvard

Wankel C., Blessinger P., . (2013). Increasing student engagement and retention using classroom technologies. Bingley: Emerald.

MLA

Wankel Charles, Blessinger Patrick, . Increasing student engagement and retention using classroom technologies. Bingley: Emerald. 2013.

  • Place hold
  • Print
  • Cite
  • Add to your cart (remove)
  • Save record
    BIBTEX Dublin Core MARCXML MARC (non-Unicode/MARC-8) MARC (Unicode/UTF-8) MARC (Unicode/UTF-8, Standard) MODS (XML) RIS
  • More searches
    Search for this title in:
    Other Libraries (WorldCat) Other Databases (Google Scholar) Online Stores (Bookfinder.com) Open Library (openlibrary.org)

Exporting to Dublin Core...

SOUTHVILLE LIBRARY

Southville International School and Colleges Library

1281 Tropical Ave. Cor. Luxembourg St., BF Homes International, Las Pinas City

Tel. No. 8256374 / 252358 Loc. 117/146

Powered by Koha